| Tag |
First Indicator |
Second Indicator |
Subfields |
| LEADER |
00000cam a2200000 4500 |
| 001 |
in00000080503 |
| 005 |
20151008052931.0 |
| 008 |
721215s1966 cau b 00000 eng u |
| 010 |
|
|
|a 65018561
|
| 035 |
|
|
|a (OCoLC)00518689
|
| 035 |
|
|
|9 AAH5507AM
|
| 040 |
|
|
|c WSU
|d TXA
|d UtOrBLW
|
| 049 |
|
|
|a TXAM
|c [459374]
|
| 050 |
|
0 |
|a ND2980
|b .R3
|
| 092 |
|
|
|a 096.1
|b R188i
|
| 100 |
1 |
|
|a Randall, Lilian M. C.
|
| 245 |
1 |
0 |
|a Images in the margins of Gothic manuscripts /
|c [by] Lilian M. C. Randall.
|
| 264 |
|
1 |
|a Berkeley :
|b University of California Press,
|c 1966.
|
| 300 |
|
|
|a 235 pages
|
| 336 |
|
|
|a text
|b txt
|2 rdacontent
|
| 337 |
|
|
|a unmediated
|b n
|2 rdamedia
|
| 338 |
|
|
|a volume
|b nc
|2 rdacarrier
|
| 490 |
1 |
|
|a California studies in the history of art,
|v 4
|
| 504 |
|
|
|a Bibliography: pages 21-26 (2d group).
|
| 650 |
|
0 |
|a Illumination of books and manuscripts, Gothic.
|
| 830 |
|
0 |
|a California studies in the history of art ;
|v 4.
|
| 999 |
|
|
|a MARS
|
| 999 |
f |
f |
|s e92f3c58-f2c6-39f4-a678-ff3a782698e4
|i d5a29317-f34b-351d-8fc1-027c2739f944
|t 0
|
| 952 |
f |
f |
|p normal
|a Texas A&M University
|b College Station
|c Sterling C. Evans Library
|d Evans: Library Stacks
|t 0
|e ND2980 .R3
|h Library of Congress classification
|i unmediated -- volume
|m A14800503851
|
| 998 |
f |
f |
|a ND2980 .R3
|t 0
|l Evans: Library Stacks
|